Before night falls /

Uloženo v:
Podrobná bibliografie
Hlavní autor: Arenas, Reinaldo, (1943-1990)
Médium: Kniha
Jazyk:angličtina
Vydáno: London : Serpents tail, 2001
Tagy: Přidat tag
Žádné tagy, Buďte první, kdo vytvoří štítek k tomuto záznamu!

MARC

LEADER 00000nam a22000007i 4500
001 IT\ICCU\VEA\1016419
003 ItRI
005 20240410164356.0
008 100528s2001 xxk|||||| ||||| |||||c
020 |a 1852428082 
040 |b ita  |c GP 
041 7 |a eng  |2 ISO-639-2 
100 1 |a Arenas, Reinaldo,  |d  (1943-1990)  |0 IT\ICCU\MILV\054533 
240 1 0 |a Antes que anochezca  |9 Arenas, Reinaldo <1943-1990> 
245 1 0 |a Before night falls /  |c Reinaldo Arenas. 
260 |a London :  |b Serpents tail,  |c 2001 
300 |a XVII, 317 p. ;  |c 20 cm. 
942 |2 ddc  |c BK 
952 |0 0  |1 0  |2 ddc  |4 0  |6 810_000000000000000_ARE  |7 1  |9 1194  |a RM  |b RM  |d 2024-04-10  |l 0  |o 810 ARE  |p 742  |r 2024-04-10 16:44:25  |w 2024-04-10  |y BK 
981 1 |6 z01  |a i   |b xxxe  
982 1 |6 z01  |a n 
999 |c 1097  |d 1097